000 00255nam a2200097Ia 4500
082 _aEKF SELB
245 0 _aWelcome to West Wallaby Street
100 _a SELBY, Rona London, 2003
_992946
942 _cBK
008 210817s9999 xx 000 0 und d
999 _c379445
_d379444